| Tag |
First Indicator |
Second Indicator |
Subfields |
| LEADER |
00000cam a2200000 4500 |
| 001 |
in00000028378 |
| 005 |
20151007061419.0 |
| 008 |
740520s1950 nyuacgh 00010 eng u |
| 010 |
|
|
|a 50012082
|
| 035 |
|
|
|a (OCoLC)00891125
|
| 035 |
|
|
|9 AAD2021AM
|
| 040 |
|
|
|c KSU
|d TXA
|d UtOrBLW
|
| 049 |
|
|
|a TXAM
|c [187090]
|
| 050 |
0 |
0 |
|a ML3561.J3
|b B49 1950
|
| 082 |
0 |
|
|a 780.973
|
| 092 |
|
|
|a 780.973
|b B647t
|
| 100 |
1 |
|
|a Blesh, Rudi,
|d 1899-1985.
|
| 245 |
1 |
0 |
|a They all played ragtime :
|b the true story of an American music /
|c [by] Rudi Blesh & Harriet Janis.
|
| 250 |
|
|
|a [1st ed.].
|
| 264 |
|
1 |
|a New York :
|b Knopf,
|c 1950.
|
| 300 |
|
|
|a xviii, 338, xviii pages :
|b illustrations, portraits, facsimiles, music. ;
|c 22 cm.
|
| 336 |
|
|
|a text
|b txt
|2 rdacontent
|
| 337 |
|
|
|a unmediated
|b n
|2 rdamedia
|
| 338 |
|
|
|a volume
|b nc
|2 rdacarrier
|
| 500 |
|
|
|a "Musical compositions": pages 283-324. "A selected list of phonograph records": pages 325-332. "A selected list of cylinder phonograph records": pages 333-334. "A list of player-piano rolls": pages 335-338.
|
| 650 |
|
0 |
|a Jazz.
|
| 650 |
|
0 |
|a Jazz
|v Bibliography.
|
| 650 |
|
0 |
|a Jazz
|v Discography.
|
| 700 |
1 |
|
|a Janis, Harriet Grossman.
|
| 999 |
|
|
|a MARS
|
| 999 |
f |
f |
|s c3e427cc-9271-3add-af9a-fc50df8d9dac
|i ad6dbdb8-fc52-3099-bd5b-34f2540cc175
|t 0
|
| 952 |
f |
f |
|p ric
|a Texas A&M University
|b Rellis Campus
|c Joint Library Facility
|d Remote Storage
|t 0
|e ML3561.J3 B49 1950
|h Library of Congress classification
|i unmediated -- volume
|m A14801169066
|
| 998 |
f |
f |
|a ML3561.J3 B49 1950
|t 0
|l Remote Storage
|